Представление документа в формате MARC21

ПолеНазваниеЗначение
  Тип записи a
  Библиографический уровень m
001 Контрольный номер RU\infra-m\znanium\bibl\2220558
005 Дата корректировки 20260429142137.8
008 Кодируемые данные 260122s2026 RU g rus u
020 Индекс ISBN __
a ISBN 978-5-00156-326-6
020 Индекс ISBN __
a ISBN 978-5-16-111794-1 (электр. издание)
020 Индекс ISBN __
a ISBN 978-5-16-018994-9 (ISBN соиздателя)
040 Источник каталогиз. __
a Служба первич. каталог. Общество с ограниченной ответственностью «ЗНАНИУМ»
041 Код языка издания __
a Код языка текста rus
044 Код страны публикации __
a Код страны публикации RU
080 Индекс УДК __
a Индекс УДК 340.12(035.3)
084 Индекс другой классификации/Индекс ББК __
2 Источник индекса rubbk
a Индекс другой классификации/Индекс ББК [67.0+67.3]в6
084 Индекс другой классификации/Индекс ББК __
2 Источник индекса okso
a Индекс другой классификации/Индекс ББК 40.03.01
084 Индекс другой классификации/Индекс ББК __
2 Источник индекса okso
a Индекс другой классификации/Индекс ББК 40.05.01
084 Индекс другой классификации/Индекс ББК __
2 Источник индекса okso
a Индекс другой классификации/Индекс ББК 40.05.02
084 Индекс другой классификации/Индекс ББК __
2 Источник индекса okso
a Индекс другой классификации/Индекс ББК 40.05.03
084 Индекс другой классификации/Индекс ББК __
2 Источник индекса okso
a Индекс другой классификации/Индекс ББК 40.05.04
084 Индекс другой классификации/Индекс ББК __
2 Источник индекса okso
a Индекс другой классификации/Индекс ББК 40.06.01
100 Автор __
a Автор Ящук Т.Ф.
q Полное имя Ящук Татьяна Федоровна
u Дополнение Омский государственный университет им. Ф.М. Достоевского
245 Заглавие __
a Заглавие Теоретико-исторические правовые науки в системе современного юридического знания
b Продолж. заглавия Монография
c Ответственность Омский государственный университет им. Ф.М. Достоевского
250 Сведения об издании __
a Основные сведения об издании 1
260 Выходные данные __
a Место издания Москва
b Издательство ООО "Юридическое издательство Норма"
c Дата издания 2026
300 Физическое описание __
a Объем 192 с.
520 Аннотация __
a Аннотация В монографии дано системное представление о теоретико-исторических правовых науках. Взятые в совокупности они отличаются от других групп юридических наук. Выявлено и проанализировано своеобразие каждой науки входящей в изучаемую совокупность. Уделено особое внимание теории государства и права как фундаментальной юридической науке. Охарактеризовано развитие и современное состояние истории государства и права России истории государства и права зарубежных стран истории политических и правовых учений. В группу теоретико-исторических наук включены и рассмотрены философия права и социология права. Для ученых преподавателей аспирантов и студентов а также всех интересующихся теоретическими и историко-правовыми проблемами юридической науки.
521 Примеч. о цел. назн. __
a Примеч. о целев. назн. Дополнительное профессиональное образование
650 Тематические рубрики __
a Основная рубрика Право. Юридические науки
x Основная подрубрика Теория права. Правоведение
655 Указ. предметных рубрик (устаревшее) __
a Жанр/ форма (устаревшее) Монография
700 Другие авторы __
a Другие авторы Бироков С.В.
q Полное имя Бироков Сергей Викторович
700 Другие авторы __
a Другие авторы Евстратов А.Э.
q Полное имя Евстратов Александр Эдуардович
u Дополнение Омский государственный университет им. Ф.М. Достоевского
700 Другие авторы __
a Другие авторы Иванов Р.Л.
q Полное имя Иванов Роман Леонидович
700 Другие авторы __
a Другие авторы Кожевников В.В.
q Полное имя Кожевников Владимир Валентинович
u Дополнение Омский государственный университет им. Ф.М. Достоевского
700 Другие авторы __
a Другие авторы Чечелев С.В.
q Полное имя Чечелев Станислав Викторович
700 Другие авторы __
a Другие авторы Юрицин А.А.
q Полное имя Юрицин Александр Андреевич
u Дополнение Омский государственный университет им. Ф.М. Достоевского
700 Другие авторы __
a Другие авторы Ящук Т.Ф.
q Полное имя Ящук Татьяна Федоровна
u Дополнение Омский государственный университет им. Ф.М. Достоевского
856 Электронный адрес документа 4_
a Имя сервера/домена znanium.ru
m Помощь ebs_support@infra-m.ru
n Местонахождение сервера НИЦ ИНФРА-М
u URL https://znanium.ru/catalog/document?id=476925
856 Электронный адрес документа 48
a Имя сервера/домена znanium.ru
d Путь /cover/2220
f Электронное имя 2220558.jpg
q Тип электронного формата image/jpeg
u URL https://znanium.ru/cover/2220/2220558.jpg
911 __
u 0030=https://znanium.ru/catalog/document?id=476925